000 01070nam a22002537a 4500
005 20100526113920.0
008 100526t xxu||||| |||| 00| 0 hin d
010 _aHIN-89428
020 _c100.00
035 _aHN-61774
037 _bDBAD / PUB
040 _aDPL
_bHN
082 _a
100 _aजयशंकर
_917727
245 _aमरूस्थल तथा अन्य कहानियाँ /
_cजयशंकर
246 _aMarusthal tatha anya Kahaniyan
_bby Jayashankar
260 _aनई दिल्ली
_bराजकमल प्रकाशन
_c1998
270 _a1-बी, नेताजी सुभाष मार्ग
_bनई दिल्ली
_e110002
300 _a155पृ
_c18सेमी (सजिल्द)
650 _aलघु कथाएँ, हिन्दी
_91169
650 _aShort stories, hindi
_917728
942 _2ddc
_cHN
_mजयशं
_h
999 _c36332
_d36332